| 000 | 01630nam a2200457Ii 4500 | ||
|---|---|---|---|
| 001 | DIGSLX0136 | ||
| 003 | NyNyDIG | ||
| 007 | cr ||||||||||| | ||
| 008 | 161109t20152006sp ob 000 0dspa d | ||
| 006 | m o d | ||
| 035 | _a(OCoLC)962400651 | ||
| 040 |
_aDGITA _beng _erda _epn _cDGITA |
||
| 020 |
_a9788477372523 _q(eBook) |
||
| 020 |
_a8477372527 _q(eBook) |
||
| 020 | _z8477371717 | ||
| 020 | _z9788477371717 | ||
| 043 | _ae-sp--- | ||
| 050 | 1 | 4 | _aPQ6533.Z5 ebook |
| 082 | 0 | 4 |
_a868 _223 |
| 100 | 1 |
_aSierra, Juan Carlos, _d1972- _eauthor. |
|
| 245 | 1 | 3 |
_aEl Madrid de Larra / _cJuan Carlos Sierra. |
| 264 | 1 |
_aMadrid : _bSilex, _c[2015] |
|
| 264 | 4 | _c©2006 | |
| 300 | _a1 online resource. | ||
| 336 |
_atext _btxt _2rdacontent |
||
| 337 |
_acomputer _bc _2rdamedia |
||
| 338 |
_aonline resource _bcr _2rdacarrier |
||
| 490 | 1 |
_aBiblioteca de Madrid ; _v14 |
|
| 504 | _aIncludes bibliographical references. | ||
| 588 | 0 | _aOnline resource; title from PDF title page (Digitalia, viewed November 11, 2016) | |
| 651 | 0 |
_aMadrid (Spain) _xSocial life and customs _y19th century. |
|
| 600 | 1 | 0 |
_aLarra, Mariano José de, _d1809-1837. |
| 655 | 0 | _aElectronic books. | |
| 791 | 2 |
_aDigitalia (Firm), _edistributor. |
|
| 793 | 0 |
_gDigitalia eBook Collection: _aSílex Ediciones |
|
| 776 | 0 | 8 |
_iPrint version: _aSierra, Juan Carlos, 1972- _tMadrid de Larra. _dMadrid : Silex, ©2006 _z8477371717 _w(DLC) 2007354300 _w(OCoLC)76803176 |
| 830 | 0 |
_aBiblioteca de Madrid ; _v14. |
|
| 856 | 4 | 0 |
_3Digitalia Hispánica _uhttps://www.digitaliapublishing.com/a/1215/ |
| 910 | _aPremium Collection: 2016 | ||
| 942 | _cRAA | ||
| 999 |
_c230074 _d230074 |
||